Zmena k lepšiemu

Na minha lista:
Detalhes bibliográficos
Autor principal: Škriniar, Pavel, 1979-
Formato: Capítulo de Livro
Idioma:eslovaco
Tags: Adicionar Tag
Sem tags, seja o primeiro a adicionar uma tag!

MARC

LEADER 00000naa$a2200000$$$4500
001 0061024
005 20240502071700.3
041 0 |a slo 
044 |a SK 
245 1 0 |a Zmena k lepšiemu  |c Pavel Škriniar 
100 1 |a Škriniar, Pavel, 1979-